• 首页
  • 本馆介绍
  • 公告通知
  • 最新文献
  • 馆藏检索
  • 电子资源
  • 读者导购
  • 参考咨询
  • 我的图书馆
  • 登录
  • 详细信息显示
  • 放入我的书架
  • 预约/预借图书
  • 作者相关作品
  • 分类相关作品
  • 丛书相关作品
  • 出版社相关作品

书目信息

  • 表格格式
  • 工作单格式
  • 卡片格式
题名:
国际经济与贸易专业综合实训
    
 
作者: 李萍 , 邹益民 , 王焕祥 主编
分册:   跨境电商平台实操
出版信息: 大连   东北财经大学出版社  2021.3
页数: 202页
开本: 26cm
丛书名:
单 册:
中图分类: F13.36 , F74
科图分类:
主题词: 国际经济学--guo ji jing ji xue--高等学校--教学参考资料 , 国际贸易--guo ji mao yi--高等学校--教学参考资料 , 电子商务--dian zi shang wu--高等学校--教学参考资料
电子资源:
ISBN: 978-7-5654-4055-7
000 01273nam0 2200313 450
001 2161458208
005 20210930094230.0
010    @a978-7-5654-4055-7@dCNY42.00
100    @a20210411d2021 em y0chiy0120 ea
101 0  @achi
102    @aCN@b210000
105    @aa z 000yy
106    @ar
200 1  @a国际经济与贸易专业综合实训@Aguo ji jing ji yu mao yi zhuan ye zong he shi xun@i跨境电商平台实操@f李萍,邹益民,王焕祥主编
210    @a大连@c东北财经大学出版社@d2021.3
215    @a202页@c图@d26cm
300    @a经济管理国家级实验教学示范中心(嘉兴学院) 经管类专业系列实验教学指导书
330    @a本书分为两个模块:实训模块一是关于主要跨境电商平台的基本操作与设计,包括平台绑定和注册开店等;实训模块二是依据跨境电商的业务流程介绍跨境电商的具体业务操作。
517 1  @a跨境电商平台实操@Akua jing dian shang ping tai shi cao
606 0  @a国际经济学@Aguo ji jing ji xue@x高等学校@j教学参考资料
606 0  @a国际贸易@Aguo ji mao yi@x高等学校@j教学参考资料
606 0  @a电子商务@Adian zi shang wu@x高等学校@j教学参考资料
690    @aF13.36@v5
690    @aF74@v5
701  0 @a李萍@Ali ping@4主编
701  0 @a邹益民@Azou yi min@4主编
701  0 @a王焕祥@Awang huan xiang@4主编
801  0 @aCN@b百万庄@c20210929
905    @b1302750-53@dF13.36@e211@f4
    
    国际经济与贸易专业综合实训.跨境电商平台实操/李萍,邹益民,王焕祥主编.-大连:东北财经大学出版社,2021.3
    202页:图;26cm
    经济管理国家级实验教学示范中心(嘉兴学院) 经管类专业系列实验教学指导书
    
    ISBN 978-7-5654-4055-7:CNY42.00
    本书分为两个模块:实训模块一是关于主要跨境电商平台的基本操作与设计,包括平台绑定和注册开店等;实训模块二是依据跨境电商的业务流程介绍跨境电商的具体业务操作。
●
相关链接 在E读中查询图书 在五车中查询图书 在当当中查询图书 在豆瓣中查询图书


正题名:国际经济与贸易专业综合实训     索取号:F13.36/211         预约/预借

序号 登录号 条形码 馆藏地/架位号 状态 备注
1 1302750   213027507   第一样本阅览室/ [索取号:F13.36/211] 在馆    
2 1302751   213027516   第一借阅区/ [索取号:F13.36/211] 在馆    
3 1302752   213027525   第一借阅区/ [索取号:F13.36/211] 在馆    
4 1302753   213027534   第一借阅区/ [索取号:F13.36/211] 在馆    
唐山师范学院图书馆 欢迎您!
大连网信软件有限公司© 版权所有